| 000 | 00887cam a2200313 a 4500 | ||
|---|---|---|---|
| 001 | 518412 | ||
| 003 | OSt | ||
| 005 | 20140402105936.0 | ||
| 008 | 861030s1987 nyua j b 001 0ceng | ||
| 010 | _a 86046198 | ||
| 020 | _a0590453572 | ||
| 040 |
_aDLC _cDLC _dDLC |
||
| 042 | _alcac | ||
| 043 | _an-us--- | ||
| 050 | 0 | 0 |
_aE 89 _b.F73 1991 |
| 100 | 1 |
_aFreedman, Russell. _915129 |
|
| 245 | 1 | 0 |
_aIndian chiefs / _cRussell Freedman. |
| 250 | _a1st ed. | ||
| 260 |
_aNew York : _bscholastic, _c1991. |
||
| 300 |
_a151 p. : _bill. (some col.) ; _c26 cm. |
||
| 500 | _aIncludes index. | ||
| 521 | _aG9 | ||
| 526 | _c1030 | ||
| 650 | 0 |
_aIndians of North America _xKings and rulers _xBiography _xJuvenile literature. _925422 |
|
| 650 | 1 |
_aIndians of North America _xBiography. _925423 |
|
| 906 |
_a7 _bcbc _corignew _d1 _eocip _f19 _gy-gencatlg |
||
| 942 |
_2lcc _cBK |
||
| 999 |
_c47487 _d47487 |
||